000 00968nam a22002177a 4500
001 EIF-IX-2016-M14-002
003 OSt
005 20221229094557.0
008 221229b |||||||| |||| 00| 0 eng d
040 _aFundación Jesús Pereda
_cFundación Jesús Pereda
041 _aCastellano
100 _uUniversidad Pontificia de Salamanca
_aPrado Herrera, María Luz de
_9985
111 _aEncuentro de Investigadores del Franquismo
_c(Granada
_d2016.
_n9º)
_9101
245 _aEl estudio de las fuentes financieras de la sublevación franquista:
_banálisis y metodología
_c/María Luz de Prado Herrera
650 0 _9996
_aContribución excepcional sobre beneficios extraordinarios (1939)
650 0 _9219
_aEconomía
650 0 _9109
_aGuerra civil
773 _tActas del IX Encuentro de Investigadores del Franquismo
_g725-741 p.
856 _uhttps://bibliotecaccoocyl.fundacionjesuspereda.es/cgi-bin/koha/opac-retrieve-file.pl?id=754761befe35566979bd7822eb77d4d8
942 _2ddc
_cCF
_n0
999 _c594
_d594